Department Stores of Mexico - Statistics

General Stats
  • This quiz has been taken 6 times
  • The average score is 2 of 7
Answer Stats
Number of Locations Type Answer % Correct
93 Middle Sears Mexico
100%
767 Discount Coppel
33%
122 Middle Liverpool
33%
1 Luxury Saks Fifth Avenue
33%
166 Discount Suburbia
33%
1200 Discount Elektra
0%
19 Luxury El Pacio de Hierro
0%
No matching quizzes found
Score Distribution
Percent of People with Each Score
Percentile by Number Answered
Your Score History
You have not taken this quiz